Esferas sin armonía.

Guardado en:
Formato: Deslizar
Series:Astronomía sin telescopio
Materias:
Etiquetas: Agregar Etiqueta
Sin Etiquetas, Sea el primero en etiquetar este registro!
LEADER 00961ngm a22002655g 4500
001 CEM.cems022077
008 130507b1994##################0###0#####d
005 20241003154613.0
245 0 0 |a Esferas sin armonía. 
300 |a 25'. 
490 0 |a Astronomía sin telescopio 
500 |a En soporte VHS, consultar en ventanilla. 
505 0 |a Concepciones sobre astronomía en la antigüedad. Los griegos: Pitágoras, Aristarco. Organización de los planetas: la música de las esferas. Ptolomeo: la tierra como centro del universo. Astrología: los etruscos. 
538 |a Soporte: VHS - Norma: Pal N - Color - Grabación DRD 1994 - Hitachi=0000 
082 5 2 |/ JUT 
653 |a ASTRONOMIA 
653 |a PLANETAS 
653 |a TIERRA 
653 |a UNIVERSO 
653 |a GRIEGOS 
653 |a PTOLOMEO 
653 |a ASTROLOGIA 
653 |a ETRUSCOS 
653 |a NIVEL SECUNDARIO. 
859 |a CEMS  |b BIB. CEMS - Depto. Recursos Didacticos  |h 520  |i JUT  |k DRD  |p 720.12  |t Ej.1